000 00840nas a2200265 4500
001 BR9504122
003 BR-BrBNA
005 20231205094113.0
007 ta
008 230509b bl.|||p| |||| 00| 00por d
040 _aBR-BrBNA
_bpor
_cBiblioteca Nacional de Agricultura
041 _a(Pt)
072 _aE50; L73
100 1 _aSilva, R.L. e
100 1 _aCorrea, F.M. de A.
100 1 _aGomes, A. de C.
100 1 _aYoshida, E.L. de A.
245 1 _aInvestigacao epidemiologica sobre leishmaniose tegumentar americana no Municipio de Conchas - Estado de Sao Paulo, Brasil
650 _aLeishmaniose
650 _aVetor
650 _aSaude Publica
773 0 _tRevista de Ciencias Biomedicas (Brazil)
_xISSN 0101-322X
_g(1984), v. 5 p. 49-55
_wBR9504122
909 _a202311
_bLúcia
_c55
_dLúcia Elande
942 _2AGRIS
_n0
_cANA
999 _c142096
_d142096